000 01813nam0a2200337 4500
001 RU\NLR\bibl\1307514
005 20260405182243.0
010 _a978-5-903084-13-5
021 _aRU
_b2008-82829
_94826
035 _a(NLR Aleph) 001293011
090 _a571250
_c571250
100 _a20081212d2008 |||y0rusy50 ca
101 1 _arus
_ceng
102 _aRU
105 _aa |||||||||
200 1 _aЙога и процветание
_eобогатите свою жизнь через практику медитации и йогу
_e[альманах
_fпер. с англ. Хари Картар Каур Хальса]
205 _a[Изд. 4-е]
210 _a[Тула]
_cYoga X Press
_d2008
215 _a208 с.
_cил.
_d20
225 1 _aКундалини йога школы Йога Бхаджана
327 1 _aСодерж.: Йога для процветания / Сири Кирпал Каур Хальса. Лекции о процветании / Йоги Бхаджан
464 0 _12001#$aЙога для процветания
_1700#1$3RU\NLR\auth\7779002$aХальса$bС. К. К.$gСири Кирпал Каур$4070
_tЙога для процветания
_aХальса, Сири Кирпал Каур
464 0 _12001#$aЛекции о процветании
_1700#1$3RU\NLR\auth\7733447$aБхаджан$bБ.$gБхагвандат$4070
_tЛекции о процветании
_aБхаджан, Бхагвандат
606 1 _aГимнастика йогов
_91348832
_3RU\NLR\auth\66248320
686 _aЧ516.914.2
702 1 _4730
_7ca
_8rus
_aХальса
_bХ. К. К.
_gХари Картар Каур
_961934
_3RU\NLR\auth\7779006
801 0 _aRU
_bNLR
_c20081212
_gRCR
801 1 _aRU
_bNLR
_c20081212
942 _cBOOK
980 _aNB